000 00805nam a2200253Ia 4500
003 OSt
005 20220923215258.0
006 a|||||r|||| 00| 0
007 ta
008 220922b |||||||| |||| 00| 0 hin d
024 _a177,357
037 _cTextual
040 _aARTS
_cARTS
_bhin
041 _2hin
_ahin
082 _aO152,1K43:g, N3
100 _aजैन, उषा
245 0 _aभगवतीदास और उनका साहित्य
246 _aBhagavatīdās aur unakā sāhitya
260 _aदिल्ली
_b मितल पब्लिकेशन
_c1993
300 _a244 पृ.
_ccm.
650 _aहिन्दी साहित्य
_9156264
942 _hO152,1K43:g, N3
_cTEXL
_2CC
999 _c330745
_d330745